Terres électorales de politiques français.es - Statistiques

Statistiques générales
  • Ce quiz a été pris 73 fois
  • Le résultat moyen est 10 sur 20
Statistiques - réponses
Par images Réponse % Correct
Corrèze
90%
Corrèze
88%
Nord
74%
Somme
70%
Calvados
68%
Nord
67%
Seine-Maritime
61%
Pyrénées-Atlantiques
57%
Guyane
55%
Hauts-de-Seine
49%
Yvelines
49%
Pyrénées-Orientales
45%
Vaucluse
43%
Yvelines
39%
Isère
36%
Cantal
32%
Rhône
32%
Nord
29%
Sarthe
20%
Calvados
3%
Aucun quiz correspondant
Distribution des résultats
% des personnes avec chaque résultat
Percentile par nombre de réponses
Votre historique - résultats
Vous n’avez pas pris ce quiz